00438 2200181 4500245004600000020002000046250000900066700001500075100002000090700002400110650002300134005001900157260002300176041001400199084000800213300002600221336000900247 a1Q84 b : Jilid 1cHaruki MurakamihText a978-602-424-005 a2013 aRibeka Ota aHaruki Murakami aArif Bagus Prasetyo aNovel Fiksi Jepang a20240904124154 aJakartabKpgc2013 aIndonesia a823 avi + 516 hlm :c20 cm atext